Introduction to environmental engineering and science (Record no. 4285)
[ view plain ]
| 000 -LEADER | |
|---|---|
| fixed length control field | 00437nam a2200169Ia 4500 |
| 008 - FIXED-LENGTH DATA ELEMENTS--GENERAL INFORMATION | |
| fixed length control field | 230711s9999||||xx |||||||||||||| ||und|| |
| 020 ## - INTERNATIONAL STANDARD BOOK NUMBER | |
| International Standard Book Number | 978-95-325-4976-0 |
| 041 ## - LANGUAGE CODE | |
| Language code of text/sound track or separate title | ENG |
| 082 ## - DEWEY DECIMAL CLASSIFICATION NUMBER | |
| Classification number | 621 |
| Item number | MA-E |
| 100 ## - MAIN ENTRY--PERSONAL NAME | |
| Personal name | Masters,GilbertM |
| 245 #0 - TITLE STATEMENT | |
| Title | Introduction to environmental engineering and science |
| 250 ## - EDITION STATEMENT | |
| Edition statement | 3rd Ed. |
| 260 ## - PUBLICATION, DISTRIBUTION, ETC. | |
| Date of publication, distribution, etc. | 2015 |
| Place of publication, distribution, etc. | New Delhi |
| Name of publisher, distributor, etc. | Pearson |
| 650 ## - SUBJECT ADDED ENTRY--TOPICAL TERM | |
| Topical term or geographic name entry element | Civil Engineering |
| 700 ## - ADDED ENTRY--PERSONAL NAME | |
| Personal name | Ela,Wendell P |
| 942 ## - ADDED ENTRY ELEMENTS (KOHA) | |
| Koha item type | Book |
| Withdrawn status | Lost status | Damaged status | Not for loan | Collection | Home library | Current library | Date acquired | Total checkouts | Full call number | Barcode | Date last seen | Price effective from | Koha item type | Cost, normal purchase price | Inventory number |
|---|---|---|---|---|---|---|---|---|---|---|---|---|---|---|---|
| MRSPTU Central Library | MRSPTU Central Library | 621 MA-E | 14688 | 08/17/2023 | 08/17/2023 | Book | |||||||||
| MRSPTU Central Library | MRSPTU Central Library | 621 MA-E | 14689 | 08/17/2023 | 08/17/2023 | Book | |||||||||
| MRSPTU Central Library | MRSPTU Central Library | 628 MA-E | 31662 | 08/17/2023 | 08/17/2023 | Book | 459.00 | 2042502 | |||||||
| MRSPTU Central Library | MRSPTU Central Library | 628 MA-E | 31663 | 08/17/2023 | 08/17/2023 | Book | 459.00 | 2042502 |
